Temas de "última generación" con impacto sobre el Due Diligence para abogados y contadores (Registro nro. 21331)
[ vista simple ]
| 000 -LEADER | |
|---|---|
| fixed length control field | 00381 a2200109 4500 |
| 001 - CONTROL NUMBER | |
| control field | ART_50335 |
| 005 - DATE AND TIME OF LATEST TRANSACTION | |
| control field | 20260410161810.0 |
| 008 - FIXED-LENGTH DATA ELEMENTS--GENERAL INFORMATION | |
| fixed length control field | 260409a |
| 100 1# - MAIN ENTRY--PERSONAL NAME | |
| Personal name | Papa, Rodolfo G. |
| 245 10 - TITLE STATEMENT | |
| Title | Temas de "última generación" con impacto sobre el Due Diligence para abogados y contadores |
| 773 0# - HOST ITEM ENTRY | |
| Title | Doctrina Societaria y Concursal |
| Related parts | - N° 386 (ene. 2020) |
| Record control number | REV4298 |
No hay ítems disponibles.